000
00326nam a2200133Ia 4500
008
210210b1934 xxu||||| |||| 00| 0 eng d
082
_a
150/65
100
_a
McCARTHY, R.C.
245
_a
Training the adolescent.
260
_a
_b
Not Mentioned
_c
1934
650
_a
Adolescent training
690
_a
Psychology
906
_a
001013
999
_c
77529
_d
77529